008770000a22002050004500090001400000245004500014650003500059650003200094650002400126651003500150653004500185041001300230700002800243700002800271100002600299942001300325773012700338999001500465952019100480 aARb0059810aManatee mortality in Florida during 197814aMamíferos acuáticos99327414aCausas de mortalidad99367014aNecrología993691 4dFloridapEstados Unidos992749 gTrichechuseTrichechus manatusvmanatí0 aInglés1 aBonde, Robert K.9932831 aOdell, Daniel K.9933081 aBeck, Cathy A.993254 cARTICULO1 tWest Indian Manatee in Florida: proceedings of a workshop held in Orlando / Ed. R. L. Brownell K. Ralls3230q76-85d1978 c9690d9690 001040718HEMEROTECAaBogotabBogotad2015-02-27eInstituto de Ciencias NaturaleshFuera de circulaciónl0oAR 00598p010913r2015-03-25 00:00:00t1w2015-03-25xDonaciónyARTICULO